Statistics for GPVWC Superleague teams Quiz

Click here to take the quiz!

General Stats

  • This quiz has been taken 40 times
    (15 since last reset)
  • The average score is 20 of 33

Answer Stats

Number of victoriesTeam% Correct
11Vod:Bul Racing
100%
9Woods Racing
93%
23CSG Racing
87%
5Edonis Engineering
87%
2Hawkeye Racing
87%
28Midnight Motorsport
87%
45Nordsjoen Racing
87%
5Red Archer VRT
87%
8Draig Racing
80%
5Green Stripes Racing
73%
6Nijo Racing
73%
1Storm Racing
73%
4Torrent Motorsports
73%
27FinOz Racing
67%
15Mapes VO
67%
1Phoenix F1
67%
9BA Racing
53%
12Bracciano
53%
14EIRE
53%
3Evans Blue Racing
47%
4SCUM
47%
1Stealth
47%
2Synergetic Motorsports
47%
6Belami
40%
2CVRT
40%
8Hernj-Roaldo
40%
1JPR
40%
1Red Arrows
40%
10Simsoa Racing VR
40%
1MMC Racing
33%
2Silver Angels
33%
2KRB
27%
1MCR
27%

Score Distribution

Percentile by Number Answered

Percent of People with Each Score

Your Score History

You have not taken this quiz since the last reset